Saltar al contenido
Inicio
Centros participantes
Catálogo
Servicios
Contacto
כניסה לחשבון
English
Deutsch
Español
Français
Italiano
日本語
Nederlands
Português
Português (Brasil)
中文(简体)
中文(繁體)
Türkçe
עברית
Gaeilge
Cymraeg
Ελληνικά
Català
Euskara
Русский
Čeština
Suomi
Svenska
polski
Dansk
slovenščina
اللغة العربية
বাংলা
Galego
Tiếng Việt
Hrvatski
हिंदी
Հայերէն
Українська
Sámegiella
שפה
כל השדות
כותר
מחבר
נושא
סימן המיקום
ISBN/ISSN
תג
מצא
מתקדם
En defensa de la unión europea...
יצירת מראה מקום
שלח את זה
הדפסה
יצוא רשומה
יצוא אל RefWorks
יצוא אל EndNoteWeb
יצוא אל EndNote
הוספה למועדפים
Enlace Permanente
Agregar primera valuación
En defensa de la unión europea
שמור ב:
מידע ביבליוגרפי
מחבר ראשי:
Dahrendorf, Ralf
פורמט:
Texto
יצא לאור:
Madrid:
Tecnos
תגים:
הוספת תג
אין תגיות, היה/י הראשונ/ה לתייג את הרשומה!
מלאי ספרים
תיאור
הערות
פריטים דומים
תצוגת צוות
MARC
LEADER
00000 a a2200000 04500
001
25022
003
040
020
|a
84-309-0651-7
090
|a
178100
100
|a
Dahrendorf, Ralf
245
|a
En defensa de la unión europea
260
|a
Madrid:
|b
Tecnos
300
|a
211 p.
|b
**no definido**
999
|c
14398
|d
14398
פריטים דומים
Acumulación de capital y empresas transnacionales en Centroamérica
מאת: Castillo Rivas, Donald
Imperialismo y clases sociales en el Caribe /
מאת: Vilas, Carlos
De los empresarios políticos a los políticos empresarios /
מאת: Alvarado, Hernán
Cooperation agreements between the Nordic Countries
Cooperation in the Nordic Countries
מאת: Wendt, Frantz